000 00810nam0a22002531 4500
001 rc\366173
005 20030307123543.0
010 _a5-265-00796-2
_9150000
035 _a(NLR Aleph) 005597317
090 _a6275677
_c6275677
100 _a20030307d1989 u |0rusy50 ca
101 0 _arus
102 _aRU
105 _ay |||||||||
200 1 _aОчарованная даль
_eРоман
_fЛеван Хаиндрава
210 _aМ.
_cСов. писатель
_d1989
215 _a527, [1] с.
_d20
300 _aПеред вып. дан. авт.: Хаиндрава Леван Ивлианович
700 1 _aХаиндрава
_bЛ. И.
_f1917-
_gЛеван Ивлианович
801 0 _aRU
_bNLR
_gpsbo
801 1 _aRU
_bELAR
_2rusmarc
852 _aNLR
_j89-3/14347
942 _cBOOK
980 _aNB